Most Expensive Football Transfers - Statistics

General Stats
  • This quiz has been taken 39 times
    18 since last reset
  • The average score is 56 of 100
Answer Stats
From To Year Fee (million €) Answer % Correct
Real Madrid Juventus 2018 117 Cristiano Ronaldo
100%
Manchester United Real Madrid 2009 94 Cristiano Ronaldo
100%
Monaco PSG 2018 180 Kylian Mbappe
100%
Barcelona PSG 2017 222 Neymar
100%
PSG Al-Hilal 2023 90 Neymar
100%
Santos Barcelona 2013 88 Neymar
100%
Atletico Madrid Barcelona 2019 120 Antoine Griezmann
92%
Tottenham Real Madrid 2013 101 Gareth Bale
85%
Tottenham Bayern Munich 2023 100 Harry Kane
85%
Aston Villa Manchester City 2021 117.5 Jack Grealish
85%
Benfica Atletico Madrid 2019 127.2 Joao Felix
85%
Dortmund Real Madrid 2023 103 Jude Bellingham
85%
Liverpool Barcelona 2014 81.72 Luis Suarez
85%
Sporting CP Manchester United 2020 65 Bruno Fernandes
77%
Benfica Chelsea 2023 121 Enzo Fernandez
77%
Ajax Barcelona 2019 86 Frenkie De Jong
77%
Bayer Leverkusen Chelsea 2020 80 Kai Havertz
77%
Chelsea Arsenal 2023 70 Kai Havertz
77%
Real Madrid Manchester United 2022 70.65 Casemiro
69%
Benfica Liverpool 2022 80 Darwin Nunez
69%
West Ham Arsenal 2023 116.6 Declan Rice
69%
Chelsea Real Madrid 2019 115 Eden Hazard
69%
Dortmund Manchester City 2022 60 Erling Haaland
69%
Ajax Juventus 2019 85 Mattias De Ligt
69%
Juventus Bayern Munich 2022 67 Mattias De Ligt
69%
Shakhtar Donetsk Chelsea 2023 70 Mykhaylo Mudryk
69%
Dortmund Barcelona 2017 135 Ousmane Dembele
69%
Juventus Manchester United 2016 105 Paul Pogba
69%
Atletico Madrid Manchester City 2019 70 Rodri
69%
Inter Milan Chelsea 2021 113 Romelu Lukaku
69%
Everton Manchester United 2017 84,7 Romelu Lukaku
69%
Manchester United Inter Milan 2019 74 Romelu Lukaku
69%
Southampton Liverpool 2018 84.65 Virgil Van Dijk
69%
Inter Milan Barcelona 2009 69.5 Zlatan Ibrahimovic
69%
Inter Milan PSG 2021 68 Achraf Hakimi
62%
Real Madrid Manchester United 2014 75 Angel Di Maria
62%
Manchester United PSG 2015 63 Angel Di Maria
62%
Ajax Manchester United 2022 95 Antony
62%
Barcelona Juventus 2020 76 Arthur
62%
Monaco Real Madrid 2022 80 Aurelian Tchouameni
62%
RB Leipzig Liverpool 2023 70 Dominki Szoboszlai
62%
Dortmund Manchester United 2021 85 Jadon Sancho
62%
AC Milan Real Madrid 2009 67 Kaka
62%
Lille Arsenal 2019 80 Nicolas Pepe
62%
Leicester City Manchester City 2018 67.8 Riyad Mahrez
62%
Lille Napoli 2020 75 Victor Osimhen
62%
RB Leipzig Chelsea 2023 60 Christopher Nkunku
54%
Napoli PSG 2013 64.5 Edinson Cavani
54%
Napoli Juventus 2016 90 Gonzalo Higuain
54%
Leicester City Manchester United 2019 87 Harry Maguire
54%
Porto Real Madrid 2014 75 James Rodriguez
54%
Athletic Bilbao Chelsea 2018 80 Kepa Arrizabalaga
54%
Wolfsburg Manchester City 2015 76 Kevin De Bruyne
54%
Chelsea Manchester United 2023 64.2 Mason Mount
54%
Brighton Chelse 2023 116 Moises Caicedo
54%
Benfica Manchester City 2019 71.6 Ruben Dias
54%
AC Milan Newcastle United 2023 64 Sandro Tonali
54%
Juventus Real Madrid 2001 77.5 Zinedine Zidane
54%
Real Sociedad Newcastle United 2022 70 Alexander Isak
46%
Roma Liverpool 2018 62.5 Alisson
46%
Real Madrid Chelsea 2017 66 Alvaro Morata
46%
Dortmund Chelsea 2018 64 Christian Pulisic
46%
Zenit Shanghai SIPG 2017 56 Hulk
46%
Stade Rennes Manchester City 2023 60 Jeremy Doku
46%
RB Leipzig Manchester City 2023 90 Josko Gvardiol
46%
Ajax Manchester United 2022 57.37 Lisandro Martinez
46%
Atletico Madrid Bayern Munich 2019 80 Lucas Hernandez
46%
Barcelona Real Madrid 2000 60 Luis Figo
46%
Juventus Barcelona 2020 60 Miralem Pjanic
46%
RB Leipzig Liverpool 2018 60 Naby Keita
46%
Dortmund Arsenal 2017 63.75 Pierre-Emerick Aubameyang
46%
Leeds Barcelona 2022 58 Raphinha
46%
Atalanta Manchester United 2023 75 Rasmus Hojlund
46%
Monaco Manchester United 2015 60 Anthony Martial
38%
Brighton Arsenal 2021 58.5 Ben White
38%
Fiorentina Juventus 2022 81.6 Dusan Vlahovic
38%
Liverpool Chelsea 2010 58.5 Fernando Torres
38%
Juventus Manchester City 2019 65 Joao Cancelo
38%
Everton Manchester City 2016 55.6 John Stones
38%
Eintracht Frankfurt Real Madrid 2019 63 Luka Jovic
38%
Chelsea Shanghai SIPG 2017 60 Oscar
38%
Liverpool Manchester City 2015 63.7 Raheem Sterling
38%
Manchester City Chelsea 2022 56.2 Raheem Sterling
38%
Lyon Tottenham 2019 62 Tanguy Ndombele
38%
Leicester City Chelsea 2023 80.4 Wesley Fofana
38%
Athletic Bilbao Manchester City 2018 65 Aymeric Laporte
31%
Sporting CP PSG 2023 60 Manuel Ugarte
31%
Brighton Chelsea 2022 65.3 Marc Cucurella
31%
Bayer Leverkusen Aston Villa 2023 55 Moussa Diaby
31%
Monaco Atletico Madrid 2018 72 Thomas Lemar
31%
Monaco Manchester City 2017 57.5 Benjamin Mendy
23%
Chelsea Atletico Madrid 2018 60 Diego Costa
23%
Shakhtar Donetsk Manchester United 2018 59 Fred
23%
Napoli Chelsea 2018 57 Jorginho
23%
Zenit Al Hilal 2023 60 Malcom
23%
Porto Al-Hilal 2023 60 Otavio
23%
Everton Tottenham 2022 58 Richarlison
23%
Parma Lazio 2000 56.81 Hernan Crespo
8%
Southampton Chelsea 2023 62.1 Romeo Lavia
8%
Liverpool Barcelona 2017 135 Philipe Countinho
0%
No matching quizzes found
Score Distribution
Percent of People with Each Score
Percentile by Number Answered
Your Score History
You have not taken this quiz since the last reset